1 Punchline = 1 Rappeur - Statistiques

Statistiques générales
  • Ce quiz a été pris 142 fois
  • Le résultat moyen est 6 sur 25
Statistiques - réponses
Punchline Rappeur % Correct
À 14 ans j'me faisais sucer dans les toilettes du KFC PLK
66%
Avant j'étais moche dans la tess, aujourd'hui je plais à Eva Mendes Ademo
65%
Negro j’ai fait un rêve où j’exécutais des pédophiles Freeze corleone
51%
Le savoir est une arme et j’avais des munitions plein la tête Ninho
51%
Faux-cul j'étais comme un "Allez l'OM", scandé par un supporter parisien Damso
50%
En panique, j'ai voulu faire une croix sur toi, mettre un voile sur mon cœur mais l'amour est un établissement laïque Dinos
49%
Un jour, j'ai ramené deux meufs, c'était nul, ça m'a rappelé qu'j'ai du mal avec une Orelsan
32%
Dans l'vent et la braise on a grandi, mais j'veux mourir près de l'eau SCH
32%
Votez pas pour les fachos, la France va plonger sous Marine Alpha Wann
27%
Elle a sa petite culotte qui fuit comme une piscine à débordement Kaaris
24%
Ton absence est la pire des présences Nekfeu
18%
Toi, tu veux pas comprendre, mais tu veux qu'ils te comprennent Laylow
16%
J'sors faire du cash, j'me tape d'la couleur du ciel NOS
14%
Et dans mon tieks un glock ca coute moins cher q'un grr paw Hamza
12%
Aujourd'hui, j'veux voir le monde brûler mais à l'échelle du monde, j'suis qu'une vulgaire allumette Josman
11%
J'arrive en balle sans péridurale J'fais mal Booba
9%
S'il faut enculer Carla profondément, mes scars-la l'font gaiement Limsa d'aulnay
9%
J'arrive sur eux comme un missile, m'auto-détruire, c'est un plaisir Vald
9%
Non, non la vie sans toi je n’connais pas, j’avoue j’captais des pétasses, c’était au départ Ash Kidd
8%
Ils font de la musique de robot, ils se demandent pourquoi ça a pas marché Luther
8%
Il m'a dit "T'es une salope", j'ai dit "C'est vrai, mais toi t'es con" Babysolo33
5%
Tu peux pas te repentir avec une witch comme ça Mon sang dans son calice, chaque jour cette pute le boit baby hayabusa
4%
La lune me chuchote d'aller loin et d'plus revenir en arrière FEMTOGO
3%
Les artistes rouillés seront à poil dans dix ans Isha
3%
j'suis sur l'terrain comme Di Maria SO la lune
3%
Aucun quiz correspondant
Distribution des résultats
% des personnes avec chaque résultat
Percentile par nombre de réponses
Votre historique - résultats
Vous n’avez pas pris ce quiz